| 000 | 00729nam a2200229 i 4500 | ||
|---|---|---|---|
| 001 | 108037 | ||
| 003 | ES-MaACL | ||
| 007 | t| | ||
| 008 | 070111s1953 sp ||||1| cat d | ||
| 080 | _a242 | ||
| 080 | _a248.1 | ||
| 245 | 0 | 3 |
_aLa imitació de Jesucrist / _cV. Tomás de Kempis; traducció d'Emili Vallés; edició a cura de Joan Sales. |
| 250 | _a18ª ed. | ||
| 260 |
_aBarcelona : _bEditorial Selecta, _c1953. |
||
| 300 |
_a256 p., 1 f. de lám. : _bil. retr. ; _c14 cm. |
||
| 490 | 1 |
_aBiblioteca selecta universal ; _v12 |
|
| 700 | 1 |
_aVallés, Emili. _9112876 |
|
| 700 | 1 |
_aThomas a Kempis. _9110051 |
|
| 830 | 0 |
_aBiblioteca selecta universal ; _v12 _9185512 |
|
| 852 |
_aES-MaACL _jE-3885 |
||
| 999 |
_c108037 _d108037 |
||